000 00463nam a2200157 i 4500
001 94586
003 ES-MaACL
005 20230906181520.0
007 t|
008 050509s1946 fr ||||1| fre d
100 1 _aLot, Ferdinand.
_974290
245 1 2 _aL'Art militaire et les armées au Moyen Age en Europe et dans le Proche Orient /
_cFerdinand Lot.
260 _aParis :
_bPayot,
_c1946.
300 _a2 t. ;
_c23 cm.
852 _aES-MaACL
_jD-5941-42
_bR.31705
999 _c94586
_d94586